"New" Places - Statistics

General Stats
  • This quiz has been taken 39 times
  • The average score is 9 of 15
Answer Stats
Hint Answer % Correct
US State New York
97%
US State New Hampshire
91%
US State New Jersey
91%
US State New Mexico
88%
Country New Zealand
81%
Canadian Province Newfoundland and Labrador
63%
Indian City New Delhi
59%
Canadian Province New Brunswick
50%
US City New Orleans
50%
Australian Province New South Wales
47%
Old US City New Amsterdam
44%
UK City Newcastle
44%
US Region New England
41%
Island New Guinea
34%
US City New Haven
13%
No matching quizzes found
Score Distribution
Percent of People with Each Score
Percentile by Number Answered
Your Score History
You have not taken this quiz